000 00648nam a2200217 a 4500
001 1563
003 BR-CuiBMT
005 20231215194809.0
008 231215s1996 dtb 000 0 por d
040 _aBR-CuiBMT
_cBR-CuiBMT
080 _22007
_a614.253
_x(083.73)
090 _a614.253(083.73)
_bC755c
_c4. ed.
110 1 _aConselho Federal de Medicina
245 1 0 _aCódigo de ética médica :
_bresolução CFM nº 1246/88
_cConselho Federal de Medicina
250 _a4. ed.
260 _aBrasília :
_bCFM,
_c1996.
300 _a95 p. :
_c21 cm
504 _aInclui bibliografia.
650 _aÉtica médica
_vcódigo
942 _2udc
_cLV
999 _c1563
_d1563